01015nam a22002657a 4500001001000000003000900010005001700019007000300036008003400039040005400073041001000127072001500137090001800152110011200170245016000282260003600442300001100478500001900489650001800508650001300526909003600539942000700575999001700582952015000599BR7602981BR-BrBNA20230928085006.0ta230509b bl.||||| |||| 00| 0 por d aBR-BrBNAbporcBiblioteca Nacional de Agricultura a(Por) aE15b/G514  E15 BR76029811 aInstituto Nacional de Colonizacao e Reforma Agraria, Brasilia, DF (Brasil). Depto. de Cadastro e Tributacao1 aEstatisticas Cadastrais v. 2. Sistema Nacional de Cadastro Rural. Programa geral de estatisticas - Cadastro de moveis rurais. Recadastramento 1972 [Brasil]3 aBrasilia, DF (Brasil): c1976.  a580 p. aNumerical data aMicroeconomia aCadastro a202309bLuciac55dLucia Elande cBK c22289d22289 002AGRIS40708AGROBASEa41918b41918l0o E15 BR7602981pE15 BR7602981r2023-09-25t01yBK10d2023-09-25ePortaria Interministerial nÂș 164/94